| 000 | 00000nas##2200000za#4500 |
| 001 | 9.505240 |
| 003 | CaOODSP |
| 005 | 20200514165222 |
| 007 | cr ||||||||||| |
| 008 | 150406c1999||||xxc|| m o||||f| |0eng|d |
| 040 | |aCaOODSP|beng |
| 043 | |an-cn--- |
| 086 | 1 |aNH18-1-5E-PDF |
| 110 | 2 |aCanada Mortgage and Housing Corporation. |
| 245 | 10|aResearch report. Distinct housing needs series |h[electronic resource] |
| 260 | |aOttawa - Ontario : |bCanada Mortgage and Housing Corporation |c[1999]--. |
| 310 | |aIrregular |
| 690 | 07|aDisadvantaged persons|2gcpds |
| 690 | 07|aHousing|2gcpds |
| 690 | 07|aSocial conditions|2gcpds |
| 690 | 07|aResearch|2gcpds |
| 775 | 08|tRapport de recherche. Série sur les besoins particuliers de logement |w(CaOODSP)9.501640 |
| 776 | 0#|tDistinct housing needs series : |w(CaOODSP)9.514816 |
| 776 | 0#|tDistinct housing needs series |w(CaOODSP)9.515444 |